000
00270nam a2200109Ia 4500
008
190914s9999||||xx |||||||||||||| ||und||
100
_a
Khawaja Shams-u-ddin Azeemi
245
0
_a
Peraphychology
260
_a
Lahore
_b
Maktabahi Azeemiyah
_c
2003
300
_a
368
942
_c
BK
999
_c
9319
_d
9319